Quizzes
Events
Quiz Creation
Community
Videos
Private Events
Remove Ads
Sign In
Join for FREE
Feedback
Dark Mode
Quiz Categories
Sports
Geography
Music
Movies
Television
Just For Fun
Miscellaneous
History
Literature
Language
Science
Gaming
Entertainment
Religion
Holiday
For Kids
Quiz Lab
Recent
Popular Today
Quiz Kudos Today
Editor Picks
Curator Picks
Quizzes by...
Day
Popularity
Type
Ratings
Length
Year
Community
Subscriptions
Recent Discussions
Orange Saloon
Badges
Playlists
Quests
Create
Leaderboards
Showdown
Live 5
Trivia Bingo
Activity
Puzzle Library
Sporcle Events
Private Events
Virtual Trivia
Globe League
Become a Host
Pub Owners
SporcleCon
Opinionation
Our Games
Videos
Blog
Mobile Apps
Partnerships
Remove Ads and Go Orange
Feedback
Miscellaneous
Crossword
General Knowledge
Baby Names
Logo
Food
Cars
Numbers
Grab Bag
University
College
Popular
Company
Slogans
Restaurants
Justice
Letter
Miscellaneous
Crossword
General Knowledge
Baby Names
Logo
Food
Cars
Numbers
Grab Bag
University
College
Popular
Company
Slogans
Restaurants
Justice
Letter
Random Quiz
Search Sporcle
×
Quiz Lab
Quiz Lab
Miscellaneous
challenge
Type in answers that appear in a list
Type in answers that appear in a list
Classic
Best Score? Go Orange.
The Great Eclectic Miscellany Challenge Stats
Can you name the The Great Eclectic Miscellany Challenge?
By
Steal_Your_Face
12m
60 Questions
25 Plays
25 Plays
25 Plays
Comments
Comments
Give Quiz Kudos
Give Quiz Kudos
-
- Ratings
hide this ad
Replay
Link that replays current quiz
Next Quiz
Link to next quiz in quiz playlist
You Got
0%
They Got
Avg Score
27%
Avg Friend Score
Upgrade to see
Score Distribution
Jump to the score distribution portion of the page
Score
0/60
Timer
12:00
0
Plays Today
The Clue
Answer
% Correct
The third noble gas
Argon
84%
The second noble gas
Neon
76%
The first noble gas
Helium
72%
The fifth noble gas
Xenon
72%
The Capital City of Kosovo
Pristina
52%
Country annexed to Third Reich in March 1938
Austria
52%
The fourth noble gas
Krypton
52%
Hispaniola -
West side
Haiti
52%
What's a Katana?
Sword
48%
1066
Battle of Hastings
48%
Hispaniola -
East side
Dominican Republic
48%
Italian car manufacturer since 1947
Ferrari
44%
The sixth noble gas
Radon
44%
The Puerto Rican gang in West Side Story
Sharks
44%
Kubrick's last movie
Eyes Wide Shut
36%
Next Kubrick film, still going backwards
A Clockwork Orange
36%
Acronym for 2 major arms reduction treaties between the U.S. and the U.S.S.R.
36%
Northernmost national capitalcity
Reykjavik
36%
Name for the plastic or metal tip of a shoelace
Aglet
32%
German Field Marshall North Africa
Irwin Rommel
32%
Location of Leonidas' stand against Xerxes
Thermopylae
28%
Redrum
The Shining
28%
Next Kubrick film, still going backwards
2001: A Space Odyssey
28%
Russian Monarch caught on the wrong side of history -
1917
Nicholas II
28%
President of Chile, assassinated in 1973
Salvador Allende
28%
Italian Car manufacturer since 1963
Lamborghini
24%
'I shall return!'
MacArthur
24%
Main character: Crime & Punishment
Raskolnikov
24%
Next Coen Brothers film, still going forward
Fargo
24%
Overture of 1812 composer
Tchaikovsky
24%
The Clue
Answer
% Correct
Colloquial name for Deuterium
Heavy water
24%
Italian car manufacturer since 1910
Alfa Romeo
20%
The Coen Brothers' second film
Raising Arizona
20%
Device used to look inside a body cavity or organ
endoscope
20%
Homer Simpson co-
worker
Lenny
20%
Next Coen Brothers film, still going forward
The Big Lebowski
20%
Where the Vietnamese ruined the French
Dien Bien Phu
20%
Grace Kelly's Husband
Prince Rainier III
20%
Usain Bolt's 100 meter WR time
9.58
16%
The Coen Brothers' first film
Blood Simple
16%
Famous death 1953
Stalin
16%
Most gold medals at Olympic Winter Games, all time
Norway
16%
1453
Constantinople
16%
Kubrick's second to last movie
Full Metal Jacket
16%
John Le Carré's 3rd novel
The Spy Who Came In From The Cold
16%
Year of Charlemagne's coronation in Rome
800
16%
Location of epic Ottoman siege: 1565
Malta
12%
The Coen Brothers' third film
Miller's Crossing
12%
Next Kubrick film, still going backwards
Dr. Strangelove
12%
Next Coen Brothers film, still going forward
Hudsucker Proxy
12%
Acronym for the bailouts Congress gave to Wall Street Investment banks since 2008
TARP
12%
Groove between the nose and the upper lip
Philtrum
8%
Famous death 1976
Mao
8%
Next Kubrick film, still going backwards
Barry Lyndon
8%
Next Coen Brothers film, still going forward
Barton Fink
8%
Epic Siege: 1836
The Alamo
4%
Italian car manufacturer since 194
Maserati
4%
Vito Corleone's surname at birth
Andolini
4%
The last CEO of Enron
Ken Lay
4%
The first German car company
Opel
0%
Quiz Playlist
Details
Report
Send in Message
Add To Playlist
Classic:
Type in answers that appear in a list
Last Updated: Feb 16, 2017
Quiz Scoreboard
CHALLENGE
Sign Up to Join the Scoreboard
Show All
Scores
Hide
Comments
May contain spoilers
Recently Published
9x9 Crossword: Cartoon Network
by jackfrog10
Miscellaneous
3m
College Basketball Coaching Resumes
by pancakes188
Sports
9m
Billboard Blitz: Fleetwood Mac
by CooCooCachoo
Music
15s
More to Explore
Quiz From the Vault
Featured Blog Post
Where Did the Easter Bunny Come From?
hide this ad
You Might Also Like...
Tags
challenge
eclectic
Today's Top Quizzes in Miscellaneous
Browse Miscellaneous
hide this ad
Today's Top Quizzes in challenge
Browse challenge
Top Contributed Quizzes in Miscellaneous
1
5-to-1: Fast Food
2
The JOE quick-fire general knowledge quiz: Day 174
3
The JOE quick-fire general knowledge quiz: Day 173
4
5-to-1: Cocktails
5
The JOE quick-fire general knowledge quiz: Day 172
6
Sunday Crossword: Famous Bodies of Water
7
The JOE quick-fire general knowledge quiz: Day 171
8
Named After an Animal - Odd One Out!
9
One Thing in Common: United Kingdom II
10
The JOE quick-fire quiz: Day 170
Explore More
Trending Topics
Disney
Marvel
Crossword
NBA
Anime
Kpop
Harry Potter
Song
NFL
Pokémon
WWE
Soccer
The Office
Puzzle
Country
hide this ad
More By:
Steal_Your_Face
Quiz
Plays
Rating
Category
Featured
Created
Great Eclectic Movie Quote Quiz
52
5.00
Movies
Jul 31, 2013
The Great Eclectic Miscellany Challenge
25
1.50
Miscellaneous
Aug 2, 2013
Go to Creator's Profile
Score Distribution
Quiz Creator Spotlight
Steal_Your_Face
Follow
Send a Message
Quizzes Created
-
Created Quiz Play Count
-
More By This Creator
Popular Quizzes Today
1
Find the US States - No Outlines Minefield
2
Find the Countries of Europe - No Outlines Minefield
3
The Countries of the World
4
Find the US States
5
Risky Map Clicking: Biggest States A-Z
6
US States
7
Popular People in 1961
8
Movies - When Are They Set?
More Miscellaneous Quizzes
One Thing in Common: Miscellaneous II
Quiz Lab
Trending Quizzes
Risky Map Clicking: Least Populous States A-Z
1-10 Letter G Words
1-10 Letter F Words
Risky Map Clicking: Next State Alphabetically
Adjectives in 80s TV Shows
Recently Updated
Leaping Animals
pecheneg
Reality TV Shows (A-Z)
bhenderson79
Rickey Henderson's Hall of Fame Teammates
pecheneg
Champions League XIs: Arsenal
pecheneg
Quick Pick: Celebrities in WWE's Hall of Fame
aduchscher
A-Z Keypad Blitz II
pecheneg
Multiple Oscar Actors
pecheneg
Mystery Phrase Blitz: Oscar 'Best Actors'
pecheneg
F. Scott Fitzgerald Novels
LTH
Pick 3 Villains
ddd62291
Trending Topics
Kpop
Marvel
NBA
Disney
Crossword
Anime
Harry Potter
Soccer
WWE
Puzzle
Pokémon
The Office
Country
Song
NFL
Your Account Isn't Verified!
In order to create a playlist on Sporcle, you need to verify the email address you used during registration. Go to your
Sporcle Settings
to finish the process.
Report this User
Report this user for behavior that violates our
Community Guidelines
.
Details:
Send Report
Go to the Sporcle.com Mobile Site →
Comments